MDQL
is popping MORE tags! Check the
thread
!
Quizzes
Events
Quiz Creation
Community
Videos
Private Events
Remove Ads
Sign In
Join for FREE
Feedback
Dark Mode
Quiz Categories
Sports
Geography
Music
Movies
Television
Just For Fun
Miscellaneous
History
Literature
Language
Science
Gaming
Entertainment
Religion
Holiday
For Kids
Quiz Lab
Recent
Popular Today
Quiz Kudos Today
Editor Picks
Curator Picks
Quizzes by...
Day
Popularity
Type
Ratings
Length
Year
Community
Subscriptions
Recent Discussions
Orange Saloon
Badges
Playlists
Quests
Create
Leaderboards
Showdown
Live 5
Trivia Bingo
Activity
Puzzle Library
Sporcle Events
Private Events
Virtual Trivia
Globe League
Become a Host
Pub Owners
SporcleCon
Opinionation
Our Games
Videos
Blog
Mobile Apps
Partnerships
Remove Ads and Go Orange
Feedback
Science
Computer
Plants
Astronomy
Chemistry
Elements
Math
Animal
Physics
Anatomy
Biology
Geology
General Science
Science
Computer
Plants
Astronomy
Chemistry
Elements
Math
Animal
Physics
Anatomy
Biology
Geology
General Science
Random Quiz
Search Sporcle
×
Quiz Lab
Quiz Lab
Science
Computer
Type in answers that appear in a list
Type in answers that appear in a list
Classic
Best Score? Go Orange.
Binary Hexadecimal Conversion Stats
Can you name the binary equivalents of these hex numbers?
By
SporcleEXP
3m
96 Questions
2,904 Plays
2,904 Plays
2,904 Plays
Comments
Comments
Give Quiz Kudos
Give Quiz Kudos
-
- Ratings
hide this ad
Forced Order
Answers have to be entered in order
Answers have to be entered in order
Replay
Link that replays current quiz
Next Quiz
Link to next quiz in quiz playlist
You Got
0%
They Got
Avg Score
43%
Avg Friend Score
Upgrade to see
Score Distribution
Jump to the score distribution portion of the page
Score
0/96
Timer
03:00
0
Plays Today
Hex
4-bit Binary
% Correct
0
0000
98.2%
1
0001
97.5%
2
0010
96.5%
3
0011
94.6%
4
0100
93%
5
0101
91.9%
6
0110
90.5%
7
0111
89.5%
8
1000
89.1%
9
1001
88.4%
A
1010
86.8%
B
1011
85.4%
C
1100
83.1%
D
1101
82.3%
E
1110
81.3%
F
1111
80.9%
8
1000
78.8%
B
1011
75.8%
1
0001
75.6%
6
0110
74.5%
A
1010
73.2%
7
0111
72.5%
0
0000
72.4%
C
1100
70%
3
0011
69.6%
5
0101
68.4%
E
1110
66.7%
3
0011
66.2%
0
0000
65.8%
D
1101
63.4%
9
1001
62.6%
D
1101
60.7%
Hex
4-bit Binary
% Correct
2
0010
60.2%
B
1011
57.4%
C
1100
55.1%
9
1001
54.5%
F
1111
53%
4
0100
52.1%
B
1011
49.2%
8
1000
48.4%
6
0110
47.2%
E
1110
45.1%
4
0100
44.5%
C
1100
42.4%
A
1010
40.9%
E
1110
39.3%
D
1101
37.9%
0
0000
37.6%
F
1111
36.5%
4
0100
36.1%
8
1000
35.2%
2
0010
34.4%
1
0001
33.4%
8
1000
32.5%
2
0010
31.4%
7
0111
29.8%
B
1011
28.1%
5
0101
27.1%
D
1101
25.4%
9
1001
24.7%
5
0101
23.7%
3
0011
23%
A
1010
22.2%
2
0010
21.5%
Hex
4-bit Binary
% Correct
7
0111
20.3%
A
1010
19.7%
6
0110
18.6%
F
1111
18.1%
C
1100
17%
8
1000
16.7%
4
0100
15.8%
F
1111
15.3%
9
1001
14.9%
0
0000
14.7%
5
0101
13.6%
1
0001
13.5%
D
1101
12.6%
B
1011
11.6%
7
0111
11.1%
E
1110
10.3%
1
0001
10.2%
3
0011
9.6%
4
0100
9.2%
0
0000
9.1%
6
0110
8.6%
2
0010
8.5%
6
0110
7.9%
F
1111
7.5%
A
1010
7.1%
1
0001
6.7%
5
0101
6.6%
C
1100
6.1%
9
1001
5.6%
3
0011
5.3%
7
0111
5%
E
1110
4.8%
Quiz Playlist
Details
Report
Send in Message
Add To Playlist
Classic:
Type in answers that appear in a list
Forced Order:
Answers have to be entered in order
Last Updated: Feb 16, 2017
Quiz Scoreboard
CHALLENGE
Sign Up to Join the Scoreboard
Show All
Scores
Hide
Comments
May contain spoilers
Recently Published
Two Season TV Shows II
by 123Four
Television
10m
Image Sorting: Flags VI
by Barbecue
Geography
2m
Find the 'City' Movie
by crazypaving
Movies
60s
More to Explore
Quiz From the Vault
Featured Blog Post
14 Easter Pick-up Lines to Find Eggs With
hide this ad
You Might Also Like...
Tags
Computer Quiz
Math Quiz
Binary
Computer Terms
Hexadecimal
Today's Top Quizzes in Science
Browse Science
hide this ad
Today's Top Quizzes in Computer
Browse Computer
Top Contributed Quizzes in Science
1
Mitosis Sporcle for Escape Room
2
Windmill: Elements
3
200 Vogels in Nederland
4
Square Numbers Scrambled (1-50)
5
Elements In Images
6
Glycolysis
7
Count to 60
8
Quick Pick: 'CI-CJ' Animals
9
17 TIMES TABLE
10
perfect squares 1-25
Explore More
Trending Topics
Marvel
Kpop
Crossword
Disney
Anime
Harry Potter
NBA
WWE
NFL
Country
The Office
Soccer
Song
Pokémon
Puzzle
hide this ad
More By:
SporcleEXP
Quiz
Plays
Rating
Category
Featured
Created
Harry Potter Deaths in Order Minefield
3,068,850
4.18
Literature
Jan 27, 2016
Sins, Dwarfs, and Spice Girls
847,331
4.42
Just For Fun
Apr 11, 2012
Ancient History Bunker
708,307
4.28
History
Jan 20, 2014
Movie Posters VI
679,096
4.37
Movies
Nov 12, 2010
Movie Posters VII
621,915
4.44
Movies
Apr 16, 2011
Go to Creator's Profile
Score Distribution
Quiz Creator Spotlight
SporcleEXP
Follow
Send a Message
Quizzes Created
-
Created Quiz Play Count
-
More By This Creator
Popular Quizzes Today
1
Find the US States - No Outlines Minefield
2
Colored Red Africa Blitz
3
Find the 'City' Movie
4
5x2 Blitz: Bands
5
The Countries of the World
6
Find the Countries of Europe - No Outlines Minefield
7
Find the US States
8
US States
More Science Quizzes
Muscle or Constellation?
Published
Trending Quizzes
Colored Red Europe Blitz I
Colored Red Africa Blitz II
Colored Red Europe Blitz II
Colored Red Africa Blitz III
Even More Two Season TV Shows
Recently Updated
March Madness Men's Triple Doubles
pecheneg
How Do You Spell That?
pecheneg
Godzilla Movies
pecheneg
Grab Bag: 4-10 Letters
pecheneg
2024 March Madness Bracket
pecheneg
Famous TV Couples
Peacemaker
Champions League XIs: Real Madrid
pecheneg
Largest US Cities 1790-2010
pecheneg
Rides in Walt Disney World
pecheneg
Most Oscar Losses (Acting)
pecheneg
Trending Topics
Anime
NBA
Disney
Kpop
Harry Potter
Marvel
Crossword
Soccer
Song
WWE
Puzzle
Pokémon
Country
NFL
The Office
Your Account Isn't Verified!
In order to create a playlist on Sporcle, you need to verify the email address you used during registration. Go to your
Sporcle Settings
to finish the process.
Report this User
Report this user for behavior that violates our
Community Guidelines
.
Details:
Send Report
Go to the Sporcle.com Mobile Site →
Comments